The essential Talmud / (Запис № 493711)
[ простий вигляд ]
| 000 -LEADER | |
|---|---|
| fixed length control field | 01455cam a2200349 i 4500 |
| 001 - CONTROL NUMBER | |
| control field | essentialtalmud00stei |
| 003 - CONTROL NUMBER IDENTIFIER | |
| control field | CaSfIA |
| 005 - DATE AND TIME OF LATEST TRANSACTION | |
| control field | 20210118005008.0 |
| 007 - PHYSICAL DESCRIPTION FIXED FIELD--GENERAL INFORMATION | |
| fixed length control field | cr|||| |
| 008 - FIXED-LENGTH DATA ELEMENTS--GENERAL INFORMATION | |
| fixed length control field | 751210s1976 nyu 00110 eng |
| 010 ## - LIBRARY OF CONGRESS CONTROL NUMBER | |
| LC control number | 75036384 //r984 |
| 020 ## - INTERNATIONAL STANDARD BOOK NUMBER | |
| International Standard Book Number | 0465020607 |
| 035 ## - SYSTEM CONTROL NUMBER | |
| System control number | (DLC) 75036384 //r984 |
| 040 ## - CATALOGING SOURCE | |
| Original cataloging agency | DLC |
| Transcribing agency | DLC |
| Modifying agency | DLC |
| -- | BIBLIOS |
| -- | CaSfIA |
| 041 1# - LANGUAGE CODE | |
| Language code of text/sound track or separate title | engheb |
| 050 00 - LIBRARY OF CONGRESS CALL NUMBER | |
| Classification number | BM503.5 |
| Item number | .S79913 1976b |
| 051 ## - LIBRARY OF CONGRESS COPY, ISSUE, OFFPRINT STATEMENT | |
| Classification number | BM503.5 |
| Item number | .S8 |
| Copy information | Copy 3. |
| 082 00 - DEWEY DECIMAL CLASSIFICATION NUMBER | |
| Classification number | 296.1/2 |
| 100 10 - MAIN ENTRY--PERSONAL NAME | |
| Personal name | Steinsaltz, Adin. |
| 240 10 - UNIFORM TITLE | |
| Uniform title | <a href="Talmud la-kol.">Talmud la-kol.</a> |
| Language of a work | English |
| 245 14 - TITLE STATEMENT | |
| Title | The essential Talmud / |
| Medium | [electronic resource] |
| Statement of responsibility, etc | Adin Steinsaltz ; translated from the Hebrew by Chaya Galai. |
| 260 0# - PUBLICATION, DISTRIBUTION, ETC. (IMPRINT) | |
| Place of publication, distribution, etc | New York : |
| Name of publisher, distributor, etc | Basic Books, |
| Date of publication, distribution, etc | c1976. |
| 300 ## - PHYSICAL DESCRIPTION | |
| Extent | vi, 296 p. ; |
| Dimensions | 22 cm. |
| 500 ## - GENERAL NOTE | |
| General note | Includes index. |
| 500 ## - GENERAL NOTE | |
| General note | Translation of ha-Talmud la-kol. |
| 506 ## - RESTRICTIONS ON ACCESS NOTE | |
| Standardized terminology for access restriction | Необхідна авторизація на https://archive.org/ (створення облікового запису безкоштовно) |
| 506 ## - RESTRICTIONS ON ACCESS NOTE | |
| Standardized terminology for access restriction | Необхідна авторизація на https://openlibrary.org/ (створення облікового запису безкоштовно) |
| 630 00 - SUBJECT ADDED ENTRY--UNIFORM TITLE | |
| Uniform title | Talmud |
| General subdivision | Introductions. |
| 856 41 - ELECTRONIC LOCATION AND ACCESS | |
| Uniform Resource Identifier | <a href="http://www.archive.org/details/essentialtalmud00stei">http://www.archive.org/details/essentialtalmud00stei</a> |
| Public note | Free eBook from the Internet Archive |
| 856 42 - ELECTRONIC LOCATION AND ACCESS | |
| Uniform Resource Identifier | <a href="http://www.openlibrary.org/books/OL5209077M">http://www.openlibrary.org/books/OL5209077M</a> |
| Public note | Additional information and access via Open Library |
| 942 ## - ADDED ENTRY ELEMENTS (KOHA) | |
| Koha item type | ЕКнига |
Немає доступних примірників.